000 00292nam a2200121 i 4500
001 bg
245 0 _aVzaimodejstvija castic wysokoj energii s nuklonami i jadrami.
260 _aTaskent,
_c1972.
040 _cBPK
041 _apol
942 _cKS
008 s pl f |000 0 pol
999 _c14370
_d14370
856 _uhttp://koha.tu.koszalin.pl/cgi-bin/koha/opac-detail.pl?biblionumber=14370
_yKatalog online BPK